Statystyki dla Najwieksze stadiony piłkarskie świata

Kliknij tutaj aby rozwiązać quiz!

Ogólne statystyki

  • Ten quiz został rozwiązany 87 razy
  • Średni wynik to 4 z 20

Statystyki odpowiedzi

L.p.PojemnośćNazwa stadionu% Poprawnych
2.99 354Camp Nou (Barcelona)
89%
11.85 454Estadio Santiago Bernabéu (Madryt)
80%
6.90 000Stadion Wembley (Londyn)
50%
17.80 074Stadio Giuseppe Meazza (San Siro) (Mediolan)
48%
12.83 500ANZ Stadium (Sydney)
45%
15.80 552Signal Iduna Park (Dortmund)
28%
14.81 338Stade de France (Saint-Denis)
11%
9.87 000Estadio Azteca (Meksyk)
6%
1.120 000Salt Lake Stadium (Meksyk)
3%
13.82 300Croke Park (Dublin)
1%
16.80 093Estadio Monumental (Lima)
0%
4.94 700First National Bank Stadium (Johannesburg)
0%
5.93 420Rose Bowl (Pasadena)
0%
20.80 000Shanghai Stadium (Szanghaj)
0%
19.80 008Stade Mohamed V (Casablanca)
0%
3.95 225Stadion Azadi (Teheran)
0%
10.86 000Stadion Borg El Arab (Aleksandria)
0%
7.88 306Stadion Gelora Bung Karno (Dżakarta)
0%
8.87 411Stadion Narodowy Bukit Jalil (Kuala Lumpur)
0%
18.80 012Stadion Olimpijski Guangdong (Kanton)
0%

Rozkład punktacji

Percentyl według liczby udzielonych odpowiedzi

Procent ludzi z każdym wynikiem

Twoja historia wyników

Nie rozwiązałeś tego quizu